[Event "Tournoi International du Pays de Charleroi 2018"]
[Site "Roux, Belgium"]
[Date "2018.07.29"]
[Round "2.27"]
[White "Grodent, Gerald"]
[Black "Hoffmeister, Frank"]
[Result "0-1"]
[WhiteElo "2017"]
[BlackElo "2170"]

1. Nf3 {[%clk 01:30:52]} {[%emt 00:00:08]} d5 {[%clk 01:30:54]} {[%emt
00:00:06]} 2. b3 {[%clk 01:30:51]} {[%emt 00:00:31]} Nf6 {[%clk 01:31:10]}
{[%emt 00:00:14]} 3. Bb2 {[%clk 01:30:52]} {[%emt 00:00:29]} Bf5 {[%clk
01:31:20]} {[%emt 00:00:20]} 4. e3 {[%clk 01:29:50]} {[%emt 00:01:32]} e6
{[%clk 01:30:24]} {[%emt 00:01:26]} 5. Be2 {[%clk 01:28:33]} {[%emt 00:01:46]}
h6 {[%clk 01:29:50]} {[%emt 00:01:04]} 6. O-O {[%clk 01:27:17]} {[%emt
00:01:46]} Nbd7 {[%clk 01:28:31]} {[%emt 00:01:50]} 7. c4 {[%clk 01:25:46]}
{[%emt 00:02:01]} c6 {[%clk 01:28:04]} {[%emt 00:00:57]} 8. Nc3 {[%clk
01:24:51]} {[%emt 00:01:25]} Bd6 {[%clk 01:26:57]} {[%emt 00:01:36]} 9. d3
{[%clk 01:15:13]} {[%emt 00:10:09]} Qe7 {[%clk 01:23:36]} {[%emt 00:03:50]} 10.
Re1 {[%clk 01:08:00]} {[%emt 00:07:44]} Ba3 {[%clk 01:06:02]} {[%emt 00:18:04]}
11. Bxa3 {[%clk 01:02:13]} {[%emt 00:06:17]} Qxa3 {[%clk 01:06:30]} {[%emt
00:00:02]} 12. cxd5 {[%clk 01:01:50]} {[%emt 00:00:52]} Nxd5 {[%clk 00:58:23]}
{[%emt 00:08:36]} 13. Nxd5 {[%clk 00:59:37]} {[%emt 00:02:45]} exd5 {[%clk
00:56:27]} {[%emt 00:02:26]} 14. e4 {[%clk 00:54:55]} {[%emt 00:05:12]} dxe4
{[%clk 00:47:57]} {[%emt 00:09:00]} 15. dxe4 {[%clk 00:51:17]} {[%emt
00:04:08]} Bg4 {[%clk 00:43:40]} {[%emt 00:04:46]} 16. Nd4 {[%clk 00:40:03]}
{[%emt 00:11:45]} Bxe2 {[%clk 00:43:54]} {[%emt 00:00:16]} 17. Qxe2 {[%clk
00:40:22]} {[%emt 00:00:11]} O-O {[%clk 00:25:13]} {[%emt 00:19:11]} 18. Nf5
{[%clk 00:37:35]} {[%emt 00:03:17]} Ne5 {[%clk 00:18:51]} {[%emt 00:06:52]} 19.
f4 {[%clk 00:35:08]} {[%emt 00:02:57]} Ng6 {[%clk 00:19:14]} {[%emt 00:00:07]}
20. Qg4 {[%clk 00:34:46]} {[%emt 00:00:52]} Rad8 {[%clk 00:11:56]} {[%emt
00:07:49]} 21. h4 {[%clk 00:32:45]} {[%emt 00:02:30]} h5 {[%clk 00:12:20]}
{[%emt 00:00:06]} 22. Qxh5 {[%clk 00:31:37]} {[%emt 00:01:38]} Nxf4 {[%clk
00:12:42]} {[%emt 00:00:07]} 23. Qg4 {[%clk 00:30:43]} {[%emt 00:01:24]} Ne6
{[%clk 00:11:18]} {[%emt 00:01:54]} 24. h5 {[%clk 00:28:16]} {[%emt 00:02:57]}
Qc5+ {[%clk 00:10:11]} {[%emt 00:01:36]} 25. Kh1 {[%clk 00:27:59]} {[%emt
00:00:49]} Qe5 {[%clk 00:10:18]} {[%emt 00:00:22]} 26. Rf1 {[%clk 00:24:53]}
{[%emt 00:03:37]} Kh7 {[%clk 00:10:23]} {[%emt 00:00:25]} 27. Rae1 {[%clk
00:22:28]} {[%emt 00:02:54]} Rd2 {[%clk 00:08:11]} {[%emt 00:02:42]} 28. Rf3
{[%clk 00:21:40]} {[%emt 00:01:18]} Nd4 {[%clk 00:06:55]} {[%emt 00:01:47]} 29.
Nxd4 {[%clk 00:11:36]} {[%emt 00:10:34]} Rxd4 {[%clk 00:07:24]} {[%emt
00:00:01]} 30. Rf5 {[%clk 00:11:38]} {[%emt 00:00:27]} Qe6 {[%clk 00:07:38]}
{[%emt 00:00:15]} 31. Qf4 {[%clk 00:10:04]} {[%emt 00:02:04]} Kg8 {[%clk
00:05:44]} {[%emt 00:02:25]} 32. Re5 {[%clk 00:07:28]} {[%emt 00:03:05]} Qd6
{[%clk 00:05:41]} {[%emt 00:00:33]} 33. Qf5 {[%clk 00:05:49]} {[%emt 00:02:10]}
f6 {[%clk 00:02:54]} {[%emt 00:03:17]} 34. Re6 {[%clk 00:05:40]} {[%emt
00:00:40]} Qg3 {[%clk 00:03:20]} {[%emt 00:00:02]} 35. Rf1 {[%clk 00:03:24]}
{[%emt 00:02:46]} Rd2 {[%clk 00:03:42]} {[%emt 00:00:09]} 36. Qf3 {[%clk
00:03:05]} {[%emt 00:00:49]} Qxf3 {[%clk 00:04:05]} {[%emt 00:00:07]} 37. gxf3
{[%clk 00:03:28]} {[%emt 00:00:07]} Kf7 {[%clk 00:04:30]} {[%emt 00:00:05]} 0-1

[Event "Tournoi International du Pays de Charleroi 2018"]
[Site "Roux, Belgium"]
[Date "2018.07.29"]
[Round "2.9"]
[White "De Schampheleire, Glen"]
[Black "Russian, Carlo"]
[Result "1-0"]
[WhiteTitle "FM"]
[WhiteElo "2347"]
[BlackElo "1992"]

1. c4 {[%clk 01:30:58]} {[%emt 00:00:03]} Nf6 {[%clk 01:28:50]} {[%emt
00:02:08]} 2. Nc3 {[%clk 01:30:48]} {[%emt 00:00:40]} e6 {[%clk 01:26:31]}
{[%emt 00:02:50]} 3. e4 {[%clk 01:30:52]} {[%emt 00:00:26]} d5 {[%clk
01:20:40]} {[%emt 00:06:21]} 4. e5 {[%clk 01:30:23]} {[%emt 00:00:59]} d4
{[%clk 01:20:07]} {[%emt 00:01:03]} 5. exf6 {[%clk 01:30:45]} {[%emt 00:00:08]}
dxc3 {[%clk 01:20:34]} {[%emt 00:00:03]} 6. bxc3 {[%clk 01:31:08]} {[%emt
00:00:06]} Qxf6 {[%clk 01:19:57]} {[%emt 00:01:07]} 7. Nf3 {[%clk 01:30:24]}
{[%emt 00:01:15]} c5 {[%clk 01:16:18]} {[%emt 00:04:09]} 8. d4 {[%clk
01:25:01]} {[%emt 00:05:52]} h6 {[%clk 01:15:14]} {[%emt 00:01:35]} 9. Rb1
{[%clk 01:18:29]} {[%emt 00:07:03]} Bd6 {[%clk 01:12:22]} {[%emt 00:03:21]} 10.
Bd3 {[%clk 01:15:23]} {[%emt 00:03:35]} Nd7 {[%clk 01:09:53]} {[%emt 00:02:59]}
11. Qe2 {[%clk 01:14:12]} {[%emt 00:01:41]} b6 {[%clk 00:58:56]} {[%emt
00:11:28]} 12. Nd2 {[%clk 01:09:21]} {[%emt 00:05:21]} Bb7 {[%clk 00:46:03]}
{[%emt 00:13:23]} 13. Ne4 {[%clk 01:09:42]} {[%emt 00:00:09]} Qe7 {[%clk
00:46:30]} {[%emt 00:00:03]} 14. O-O {[%clk 01:04:43]} {[%emt 00:05:29]} Nf6
{[%clk 00:38:00]} {[%emt 00:09:00]} 15. Nxd6+ {[%clk 00:54:32]} {[%emt
00:10:41]} Qxd6 {[%clk 00:38:27]} {[%emt 00:00:02]} 16. Be3 {[%clk 00:54:52]}
{[%emt 00:00:09]} cxd4 {[%clk 00:38:39]} {[%emt 00:00:19]} 17. cxd4 {[%clk
00:55:05]} {[%emt 00:00:17]} O-O {[%clk 00:38:45]} {[%emt 00:00:23]} 18. f3
{[%clk 00:53:11]} {[%emt 00:02:25]} Ba6 {[%clk 00:29:23]} {[%emt 00:09:53]} 19.
Bf2 {[%clk 00:42:40]} {[%emt 00:11:01]} Rac8 {[%clk 00:27:58]} {[%emt
00:01:55]} 20. Rfc1 {[%clk 00:33:43]} {[%emt 00:09:26]} Rfe8 {[%clk 00:27:10]}
{[%emt 00:01:18]} 21. Qd1 {[%clk 00:29:21]} {[%emt 00:04:52]} Qa3 {[%clk
00:16:25]} {[%emt 00:11:15]} 22. Qb3 {[%clk 00:23:56]} {[%emt 00:05:55]} Qxb3
{[%clk 00:16:00]} {[%emt 00:00:55]} 23. axb3 {[%clk 00:24:22]} {[%emt
00:00:05]} Bb7 {[%clk 00:13:39]} {[%emt 00:02:51]} 24. b4 {[%clk 00:23:02]}
{[%emt 00:01:50]} b5 {[%clk 00:13:12]} {[%emt 00:00:58]} 25. cxb5 {[%clk
00:20:41]} {[%emt 00:02:51]} Rxc1+ {[%clk 00:10:26]} {[%emt 00:03:15]} 26. Rxc1
{[%clk 00:21:09]} {[%emt 00:00:02]} Rc8 {[%clk 00:10:32]} {[%emt 00:00:24]} 27.
Ra1 {[%clk 00:11:59]} {[%emt 00:09:40]} Rc3 {[%clk 00:05:08]} {[%emt 00:05:54]}
28. Bf1 {[%clk 00:12:17]} {[%emt 00:00:11]} Bd5 {[%clk 00:05:21]} {[%emt
00:00:17]} 29. Bg3 {[%clk 00:07:26]} {[%emt 00:05:21]} Rc8 {[%clk 00:00:54]}
{[%emt 00:04:58]} 30. Rxa7 {[%clk 00:06:17]} {[%emt 00:01:39]} Ra8 {[%clk
00:00:37]} {[%emt 00:00:47]} 31. b6 {[%clk 00:06:02]} {[%emt 00:00:44]} Rxa7
{[%clk 00:00:38]} {[%emt 00:00:30]} 32. bxa7 {[%clk 00:06:25]} {[%emt
00:00:07]} Kf8 {[%clk 00:00:47]} {[%emt 00:00:21]} 33. b5 {[%clk 00:05:24]}
{[%emt 00:01:30]} Nd7 {[%clk 00:01:03]} {[%emt 00:00:14]} 34. Bc7 {[%clk
00:05:42]} {[%emt 00:00:12]} Ke7 {[%clk 00:01:07]} {[%emt 00:00:27]} 35. b6
{[%clk 00:05:56]} {[%emt 00:00:16]} Bb7 {[%clk 00:01:34]} {[%emt 00:00:03]} 36.
Ba6 {[%clk 00:06:09]} {[%emt 00:00:17]} 1-0

[Event "Tournoi International du Pays de Charleroi 2018"]
[Site "Roux, Belgium"]
[Date "2018.07.29"]
[Round "2.14"]
[White "Dierckens, Sarah"]
[Black "Goossens, Hanne"]
[Result "0-1"]
[BlackTitle "WFM"]
[WhiteElo "1783"]
[BlackElo "2204"]

1. e4 {[%clk 01:30:58]} {[%emt 00:00:04]} c5 {[%clk 01:30:56]} {[%emt
00:00:03]} 2. Nf3 {[%clk 01:31:22]} {[%emt 00:00:05]} d6 {[%clk 01:31:18]}
{[%emt 00:00:08]} 3. d4 {[%clk 01:31:48]} {[%emt 00:00:05]} cxd4 {[%clk
01:31:30]} {[%emt 00:00:17]} 4. Nxd4 {[%clk 01:32:12]} {[%emt 00:00:06]} Nf6
{[%clk 01:31:53]} {[%emt 00:00:07]} 5. Nc3 {[%clk 01:32:37]} {[%emt 00:00:05]}
a6 {[%clk 01:32:14]} {[%emt 00:00:09]} 6. Bg5 {[%clk 01:32:49]} {[%emt
00:00:18]} Nbd7 {[%clk 01:32:30]} {[%emt 00:00:14]} 7. f4 {[%clk 01:32:06]}
{[%emt 00:01:13]} Qc7 {[%clk 01:32:17]} {[%emt 00:00:44]} 8. Qf3 {[%clk
01:30:16]} {[%emt 00:02:19]} h6 {[%clk 01:32:12]} {[%emt 00:00:35]} 9. Bh4
{[%clk 01:28:09]} {[%emt 00:02:37]} g5 {[%clk 01:31:25]} {[%emt 00:01:17]} 10.
fxg5 {[%clk 01:27:43]} {[%emt 00:00:57]} hxg5 {[%clk 01:31:47]} {[%emt
00:00:08]} 11. Bxg5 {[%clk 01:27:07]} {[%emt 00:01:06]} Qc5 {[%clk 01:31:50]}
{[%emt 00:00:26]} 12. Nf5 {[%clk 01:19:18]} {[%emt 00:08:19]} e6 {[%clk
01:27:13]} {[%emt 00:05:07]} 13. Bxf6 {[%clk 01:13:25]} {[%emt 00:06:23]} Nxf6
{[%clk 01:25:33]} {[%emt 00:02:09]} 14. Nxd6+ {[%clk 01:11:25]} {[%emt
00:02:31]} Bxd6 {[%clk 01:25:41]} {[%emt 00:00:22]} 15. Qxf6 {[%clk 01:11:29]}
{[%emt 00:00:26]} Bg3+ {[%clk 01:21:28]} {[%emt 00:04:43]} 16. Ke2 {[%clk
01:01:49]} {[%emt 00:10:10]} Be5 {[%clk 01:15:05]} {[%emt 00:06:52]} 17. Qg5
{[%clk 00:56:33]} {[%emt 00:05:47]} Bd7 {[%clk 01:11:14]} {[%emt 00:04:22]} 18.
Nd5 {[%clk 00:48:31]} {[%emt 00:08:31]} Qxc2+ {[%clk 00:55:16]} {[%emt
00:16:28]} 19. Kf3 {[%clk 00:48:02]} {[%emt 00:00:59]} f6 {[%clk 00:54:54]}
{[%emt 00:00:51]} 20. Qg7 {[%clk 00:43:43]} {[%emt 00:04:50]} exd5 {[%clk
00:50:38]} {[%emt 00:04:46]} 21. Qxh8+ {[%clk 00:44:06]} {[%emt 00:00:06]} Ke7
{[%clk 00:50:44]} {[%emt 00:00:24]} 22. Qh7+ {[%clk 00:38:38]} {[%emt
00:05:59]} Kd6 {[%clk 00:49:45]} {[%emt 00:01:28]} 23. Re1 {[%clk 00:35:22]}
{[%emt 00:03:47]} dxe4+ {[%clk 00:46:45]} {[%emt 00:03:29]} 24. Rxe4 {[%clk
00:31:13]} {[%emt 00:04:40]} Qd1+ {[%clk 00:31:48]} {[%emt 00:15:26]} 25. Re2
{[%clk 00:26:53]} {[%emt 00:04:51]} Be6 {[%clk 00:18:23]} {[%emt 00:13:54]} 26.
Qh6 {[%clk 00:16:20]} {[%emt 00:11:04]} Bd5+ {[%clk 00:17:31]} {[%emt
00:01:22]} 27. Kf2 {[%clk 00:12:16]} {[%emt 00:04:34]} Bd4+ {[%clk 00:17:46]}
{[%emt 00:00:14]} 28. Kg3 {[%clk 00:12:21]} {[%emt 00:00:26]} Rg8+ {[%clk
00:17:07]} {[%emt 00:01:09]} 29. Kh4 {[%clk 00:10:38]} {[%emt 00:02:12]} Bf2
{[%clk 00:16:31]} {[%emt 00:01:07]} 30. Kh3 {[%clk 00:09:02]} {[%emt 00:02:05]}
Qd3 {[%clk 00:16:46]} {[%emt 00:00:15]} 31. Re3 {[%clk 00:08:25]} {[%emt
00:01:08]} Qf5 {[%clk 00:17:06]} {[%emt 00:00:09]} 32. g4 {[%clk 00:08:38]}
{[%emt 00:00:17]} Qxg4 {[%clk 00:14:39]} {[%emt 00:00:06]} 0-1

[Event "Tournoi International du Pays de Charleroi 2018"]
[Site "Roux, Belgium"]
[Date "2018.07.29"]
[Round "2.26"]
[White "Henris, Luc"]
[Black "Barbier, Wiebke"]
[Result "1/2-1/2"]
[WhiteTitle "FM"]
[WhiteElo "2204"]
[BlackElo "2031"]

1. e4 {[%clk 01:30:59]} d6 {[%clk 01:30:57]} {[%emt 00:00:04]} 2. d4 {[%clk
01:31:17]} {[%emt 00:00:12]} Nf6 {[%clk 01:31:25]} {[%emt 00:00:02]} 3. Nc3
{[%clk 01:31:38]} {[%emt 00:00:09]} e5 {[%clk 01:31:52]} {[%emt 00:00:02]} 4.
Nf3 {[%clk 01:31:21]} {[%emt 00:00:48]} Nbd7 {[%clk 01:32:04]} {[%emt
00:00:18]} 5. Bc4 {[%clk 01:31:42]} {[%emt 00:00:09]} Be7 {[%clk 01:32:32]}
{[%emt 00:00:03]} 6. Ng5 {[%clk 01:31:45]} {[%emt 00:00:27]} O-O {[%clk
01:31:42]} {[%emt 00:01:21]} 7. Bxf7+ {[%clk 01:32:08]} {[%emt 00:00:07]} Rxf7
{[%clk 01:31:33]} {[%emt 00:00:40]} 8. Ne6 {[%clk 01:32:32]} {[%emt 00:00:06]}
Qe8 {[%clk 01:31:51]} {[%emt 00:00:12]} 9. Nxc7 {[%clk 01:32:54]} {[%emt
00:00:09]} Qd8 {[%clk 01:11:30]} {[%emt 00:21:18]} 10. Nxa8 {[%clk 01:32:39]}
{[%emt 00:00:46]} exd4 {[%clk 01:10:38]} {[%emt 00:01:23]} 11. Qxd4 {[%clk
01:32:42]} {[%emt 00:00:28]} Ng4 {[%clk 01:05:55]} {[%emt 00:05:24]} 12. O-O
{[%clk 01:27:57]} {[%emt 00:05:28]} Bf6 {[%clk 00:42:00]} {[%emt 00:25:17]} 13.
Qxa7 {[%clk 01:21:05]} {[%emt 00:07:43]} Be5 {[%clk 00:22:57]} {[%emt
00:20:22]} 14. g3 {[%clk 01:12:58]} {[%emt 00:09:06]} Nc5 {[%clk 00:16:59]}
{[%emt 00:06:45]} 15. Qb6 {[%clk 01:07:02]} {[%emt 00:06:48]} Qf6 {[%clk
00:15:09]} {[%emt 00:02:27]} 16. Nd5 {[%clk 00:52:53]} {[%emt 00:15:23]} Qf3
{[%clk 00:09:53]} {[%emt 00:05:59]} 17. Be3 {[%clk 00:48:26]} {[%emt 00:05:13]}
Nxe4 {[%clk 00:07:56]} {[%emt 00:02:34]} 18. Qd8+ {[%clk 00:42:52]} {[%emt
00:06:13]} Rf8 {[%clk 00:08:11]} {[%emt 00:00:15]} 19. Qh4 {[%clk 00:42:23]}
{[%emt 00:01:02]} h6 {[%clk 00:04:59]} {[%emt 00:03:53]} 20. Ne7+ {[%clk
00:40:26]} {[%emt 00:02:32]} Kh7 {[%clk 00:05:08]} {[%emt 00:00:21]} 21. Rae1
{[%clk 00:35:03]} {[%emt 00:06:07]} Bf6 {[%clk 00:01:01]} {[%emt 00:04:45]} 22.
Qh5 {[%clk 00:33:04]} {[%emt 00:02:30]} Bxe7 {[%clk 00:01:27]} {[%emt
00:00:04]} 23. Qd5 {[%clk 00:31:59]} {[%emt 00:01:36]} Rf5 {[%clk 00:01:08]}
{[%emt 00:00:51]} 24. Qc4 {[%clk 00:31:23]} {[%emt 00:01:07]} Ngxf2 {[%clk
00:01:04]} {[%emt 00:00:35]} 25. Qxe4 {[%clk 00:29:22]} {[%emt 00:02:32]} Qxe4
{[%clk 00:01:16]} {[%emt 00:00:19]} 26. Bxf2 {[%clk 00:29:43]} {[%emt
00:00:08]} Qa4 {[%clk 00:00:45]} {[%emt 00:01:02]} 27. Nb6 {[%clk 00:29:49]}
{[%emt 00:00:25]} Qc6 {[%clk 00:01:08]} {[%emt 00:00:07]} 28. Nxc8 {[%clk
00:29:36]} {[%emt 00:00:45]} Qxc8 {[%clk 00:00:55]} {[%emt 00:00:44]} 29. Rxe7
{[%clk 00:30:00]} {[%emt 00:00:06]} Qxc2 {[%clk 00:00:51]} {[%emt 00:00:34]} 30.
Rxb7 {[%clk 00:29:43]} {[%emt 00:00:49]} Qe2 {[%clk 00:01:00]} {[%emt
00:00:22]} 31. Rb3 {[%clk 00:29:34]} {[%emt 00:00:39]} d5 {[%clk 00:01:21]}
{[%emt 00:00:10]} 32. Re3 {[%clk 00:28:11]} {[%emt 00:01:55]} Qxb2 {[%clk
00:01:34]} {[%emt 00:00:17]} 33. Ree1 {[%clk 00:26:14]} {[%emt 00:02:29]} Qxa2
{[%clk 00:01:23]} {[%emt 00:00:41]} 34. Rd1 {[%clk 00:25:40]} {[%emt 00:01:06]}
Qe2 {[%clk 00:01:09]} {[%emt 00:00:44]} 35. Rde1 {[%clk 00:25:23]} {[%emt
00:00:48]} Qg4 {[%clk 00:00:55]} {[%emt 00:00:46]} 36. Rd1 {[%clk 00:25:13]}
{[%emt 00:00:41]} h5 {[%clk 00:01:13]} {[%emt 00:00:12]} 37. Rd3 {[%clk
00:23:42]} {[%emt 00:02:03]} Qe2 {[%clk 00:01:03]} {[%emt 00:00:41]} 38. Re3
{[%clk 00:23:12]} {[%emt 00:01:01]} Qd2 {[%clk 00:01:16]} {[%emt 00:00:16]} 39.
Ree1 {[%clk 00:22:56]} {[%emt 00:00:48]} Qc2 {[%clk 00:01:14]} {[%emt
00:00:33]} 40. Rc1 {[%emt 00:01:21]} Qe2 {[%clk 00:01:30]} {[%emt 00:00:12]} 41.
Rce1 {[%clk 00:22:06]} {[%emt 00:00:32]} Qg4 {[%clk 00:01:25]} {[%emt
00:00:36]} 42. Rd1 {[%clk 00:22:14]} {[%emt 00:00:22]} Qg6 {[%clk 00:25:27]}
{[%emt 00:06:42]} 43. Rfe1 {[%clk 00:51:34]} {[%emt 00:01:13]} h4 {[%clk
00:21:40]} {[%emt 00:04:26]} 44. Rd4 {[%clk 00:50:30]} {[%emt 00:01:35]} h3
{[%clk 00:21:37]} {[%emt 00:00:33]} 45. Red1 {[%clk 00:43:42]} {[%emt
00:07:26]} Qf7 {[%clk 00:19:21]} {[%emt 00:02:51]} 46. R1d2 {[%clk 00:41:33]}
{[%emt 00:02:45]} g5 {[%clk 00:08:24]} {[%emt 00:11:50]} 47. Rb2 {[%clk
00:39:05]} {[%emt 00:03:06]} Qc7 {[%clk 00:07:16]} {[%emt 00:01:41]} 48. Rd1
{[%clk 00:37:54]} {[%emt 00:01:42]} Qc3 {[%clk 00:06:02]} {[%emt 00:01:49]} 49.
Bd4 {[%clk 00:36:35]} {[%emt 00:01:54]} Qf3 {[%clk 00:05:52]} {[%emt 00:00:41]}
50. Ra1 {[%clk 00:35:38]} {[%emt 00:01:31]} Rf7 {[%clk 00:03:27]} {[%emt
00:03:02]} 51. Rf2 {[%clk 00:35:47]} {[%emt 00:00:20]} Qe4 {[%clk 00:02:34]}
{[%emt 00:01:28]} 52. Rxf7 {[%clk 00:35:28]} {[%emt 00:00:51]} Kg6 {[%clk
00:02:25]} {[%emt 00:00:41]} 53. Rf2 {[%clk 00:27:37]} {[%emt 00:08:42]} Qxd4
{[%clk 00:02:49]} {[%emt 00:00:06]} 54. Re1 {[%clk 00:27:44]} {[%emt 00:00:23]}
Qb6 {[%clk 00:01:42]} {[%emt 00:01:40]} 55. Rd1 {[%clk 00:21:08]} {[%emt
00:07:09]} d4 {[%clk 00:01:43]} {[%emt 00:00:30]} 56. Kf1 {[%clk 00:20:21]}
{[%emt 00:01:19]} Qe6 {[%clk 00:01:02]} {[%emt 00:01:12]} 57. Rxd4 {[%clk
00:19:39]} {[%emt 00:01:13]} Qa6+ {[%clk 00:01:25]} {[%emt 00:00:06]} 58. Ke1
{[%clk 00:19:54]} {[%emt 00:00:14]} Qa1+ {[%clk 00:01:11]} {[%emt 00:00:46]} 59.
Rd1 {[%clk 00:20:16]} {[%emt 00:00:08]} Qc3+ {[%clk 00:01:34]} {[%emt
00:00:08]} 60. Kf1 {[%clk 00:19:01]} {[%emt 00:01:47]} Qc6 {[%clk 00:01:21]}
{[%emt 00:00:43]} 61. Rd3 {[%clk 00:17:56]} {[%emt 00:01:36]} Qc1+ {[%clk
00:01:23]} {[%emt 00:00:29]} 62. Ke2 {[%clk 00:18:20]} {[%emt 00:00:06]} Qc2+
{[%clk 00:01:46]} {[%emt 00:00:07]} 63. Ke3 {[%clk 00:18:27]} {[%emt 00:00:22]}
Qc5+ {[%clk 00:02:01]} {[%emt 00:00:15]} 64. Rd4 {[%clk 00:16:53]} {[%emt
00:02:10]} Qc3+ {[%clk 00:02:11]} {[%emt 00:00:21]} 65. Rd3 {[%clk 00:17:07]}
{[%emt 00:00:17]} Qc5+ {[%clk 00:02:39]} {[%emt 00:00:02]} 66. Ke2 {[%clk
00:17:16]} {[%emt 00:00:21]} Qc2+ {[%clk 00:03:04]} {[%emt 00:00:04]} 67. Ke3
{[%clk 00:17:31]} {[%emt 00:00:16]} 1/2-1/2

[Event "Tournoi International du Pays de Charleroi 2018"]
[Site "Roux, Belgium"]
[Date "2018.07.29"]
[Round "2.24"]
[White "Depouhon, Jean"]
[Black "Vesin, Jean-Robert"]
[Result "0-1"]
[BlackTitle "FM"]
[WhiteElo "2023"]
[BlackElo "2215"]

1. d4 {[%clk 01:30:56]} c5 {[%clk 01:30:55]} {[%emt 00:00:07]} 2. Nf3 {[%clk
01:30:47]} {[%emt 00:00:38]} cxd4 {[%clk 01:30:51]} {[%emt 00:00:35]} 3. Nxd4
{[%clk 01:31:03]} {[%emt 00:00:13]} g6 {[%clk 01:30:46]} {[%emt 00:00:35]} 4.
Nc3 {[%clk 01:29:55]} {[%emt 00:01:38]} Bg7 {[%clk 01:31:07]} {[%emt 00:00:09]}
5. e4 {[%clk 01:29:31]} {[%emt 00:00:54]} Nc6 {[%clk 01:30:59]} {[%emt
00:00:38]} 6. Be3 {[%clk 01:29:37]} {[%emt 00:00:23]} Nf6 {[%clk 01:30:46]}
{[%emt 00:00:43]} 7. Bc4 {[%clk 01:28:54]} {[%emt 00:01:14]} O-O {[%clk
01:30:43]} {[%emt 00:00:33]} 8. O-O {[%clk 01:29:16]} {[%emt 00:00:07]} d6
{[%clk 01:28:44]} {[%emt 00:02:30]} 9. f3 {[%clk 01:26:08]} {[%emt 00:03:38]}
Qb6 {[%clk 01:20:22]} {[%emt 00:08:53]} 10. Qd2 {[%clk 01:25:00]} {[%emt
00:01:37]} Ng4 11. fxg4 {[%clk 01:21:12]} Bxd4 {[%clk 01:20:13]} {[%emt
00:00:09]} 12. Bxd4 {[%clk 01:19:04]} {[%emt 00:02:38]} Qxd4+ {[%clk 01:19:16]}
{[%emt 00:01:28]} 13. Qxd4 {[%clk 01:19:15]} {[%emt 00:00:18]} Nxd4 {[%clk
01:19:41]} {[%emt 00:00:04]} 14. Nd5 {[%clk 01:16:45]} {[%emt 00:03:00]} Be6
{[%clk 01:10:11]} {[%emt 00:10:01]} 15. Nxe7+ {[%clk 01:16:10]} {[%emt
00:01:06]} Kg7 {[%clk 01:10:37]} {[%emt 00:00:04]} 16. Bd3 {[%clk 01:11:03]}
{[%emt 00:05:36]} Bxg4 {[%clk 01:09:48]} {[%emt 00:01:19]} 17. Rae1 {[%clk
01:08:45]} {[%emt 00:02:47]} Rae8 {[%clk 01:06:34]} {[%emt 00:03:44]} 18. Nd5
{[%clk 01:07:45]} {[%emt 00:01:30]} Re5 {[%clk 01:06:21]} {[%emt 00:00:44]} 19.
c3 {[%clk 01:05:36]} {[%emt 00:02:38]} Nc6 {[%clk 01:06:45]} {[%emt 00:00:07]}
20. b4 {[%clk 00:59:03]} {[%emt 00:07:03]} Be6 {[%clk 01:05:27]} {[%emt
00:01:48]} 21. b5 {[%clk 00:50:29]} {[%emt 00:09:04]} Bxd5 {[%clk 01:05:17]}
{[%emt 00:00:40]} 22. exd5 {[%clk 00:50:41]} {[%emt 00:00:18]} Rfe8 {[%clk
01:05:31]} {[%emt 00:00:17]} 23. Rd1 {[%clk 00:40:39]} {[%emt 00:10:31]} Na5
{[%clk 01:04:26]} {[%emt 00:01:36]} 24. c4 {[%clk 00:39:45]} {[%emt 00:01:23]}
b6 {[%clk 01:04:50]} {[%emt 00:00:06]} 25. Rf4 {[%clk 00:37:06]} {[%emt
00:03:09]} Re1+ {[%clk 01:00:32]} {[%emt 00:04:47]} 26. Rf1 {[%clk 00:37:04]}
{[%emt 00:00:32]} R1e3 {[%clk 01:00:50]} {[%emt 00:00:13]} 27. Rf3 {[%clk
00:36:37]} {[%emt 00:00:57]} Nb7 {[%clk 01:01:13]} {[%emt 00:00:08]} 28. Rxe3
{[%clk 00:35:26]} {[%emt 00:01:40]} Rxe3 {[%clk 01:01:38]} {[%emt 00:00:05]} 29.
Kf2 {[%clk 00:35:43]} {[%emt 00:00:13]} Re5 {[%clk 01:02:03]} {[%emt 00:00:05]}
30. Re1 {[%clk 00:33:55]} {[%emt 00:02:18]} Nc5 {[%clk 01:02:21]} {[%emt
00:00:12]} 31. Bc2 {[%clk 00:33:44]} {[%emt 00:00:41]} Nd7 {[%clk 01:01:16]}
{[%emt 00:01:35]} 32. Rxe5 {[%clk 00:33:59]} {[%emt 00:00:15]} Nxe5 {[%clk
01:01:43]} {[%emt 00:00:04]} 33. Bb3 {[%clk 00:33:59]} {[%emt 00:00:29]} f5
{[%clk 01:02:01]} {[%emt 00:00:12]} 34. h3 {[%clk 00:34:01]} {[%emt 00:00:28]}
Kf6 {[%clk 01:01:54]} {[%emt 00:00:38]} 35. Ke3 {[%clk 00:32:27]} {[%emt
00:02:02]} Kg5 {[%clk 01:02:15]} {[%emt 00:00:09]} 36. g3 {[%clk 00:32:06]}
{[%emt 00:00:52]} Kf6 {[%clk 01:02:30]} {[%emt 00:00:16]} 37. a4 {[%clk
00:31:23]} {[%emt 00:01:12]} h6 {[%clk 01:02:18]} {[%emt 00:00:42]} 38. Kd4
{[%clk 00:25:56]} {[%emt 00:05:57]} g5 {[%clk 01:01:03]} {[%emt 00:01:45]} 39.
Bd1 {[%clk 00:25:48]} {[%emt 00:00:38]} Nd7 {[%clk 00:59:44]} {[%emt 00:01:49]}
40. Bc2 {[%clk 00:21:34]} {[%emt 00:04:44]} Nc5 {[%clk 01:00:08]} {[%emt
00:00:06]} 41. Ke3 {[%clk 00:21:10]} {[%emt 00:00:53]} Ke5 {[%clk 01:00:22]}
{[%emt 00:00:17]} 42. Bd1 {[%clk 00:19:56]} {[%emt 00:01:44]} Ne4 {[%clk
01:00:26]} {[%emt 00:00:26]} 43. g4 {[%clk 00:16:44]} {[%emt 00:03:42]} f4+
{[%clk 01:00:40]} {[%emt 00:00:16]} 44. Kd4+ {[%emt 00:04:06]} 0-1